Beyond growth : the economics of sustainable development
Saved in:
| Main Author: | |
|---|---|
| Format: | Book |
| Language: | English |
| Published: |
Boston :
Beacon Press,
1996
|
| Subjects: | |
| Tags: |
Add Tag
No Tags, Be the first to tag this record!
|
MARC
| LEADER | 00000cam a2200000 i 4500 | ||
|---|---|---|---|
| 001 | 1/64303 | ||
| 008 | 980805s1996 eng d | ||
| 020 | |a 0-8070-4709-0 | ||
| 035 | |l 10029403 | ||
| 040 | |a GR-MY-UA |b gre |e aacr | ||
| 041 | 0 | |a eng | |
| 082 | 0 | |a 333.7 | |
| 100 | 1 | |a Daly, Herman E. | |
| 245 | 1 | 0 | |a Beyond growth : |b the economics of sustainable development / |c Herman E. Daly |
| 260 | |a Boston : |b Beacon Press, |c 1996 | ||
| 300 | |a vii, 253 p. | ||
| 504 | |a Includes biblographical references and index | ||
| 650 | 0 | 0 | |a Sustainable development. |
| 852 | |a INST |b CHIOS |e 19980805 |h 333.7 DAL |p 005200015986 |q 005200015986 |t BK |y 0 | ||
| 852 | |a INST |b LESVOS |e 19991222 |h 333.7 DAL |p 005100024185 |q 005100024185 |t BK |y 0 | ||
| 901 | |a BIBL-1998-2 | ||
| 901 | |a BIBL1-2000-2 | ||
| 909 | |a Χ |b 058273 | ||
| 909 | |a Λ |b 071587 | ||
| 922 | |a 2ΕΛΗ |b 199807 |c ΤΔΕ |d ΠΑΠΑΣΩΤΗΡΙΟΥ | ||
| 922 | |a 1ΕΛΗ |b 199912 |c ΚΠΣ/ΠΜΣ |d ΠΑΠΑΣΩΤΗΡΙΟΥ | ||
| 950 | |a 157-1999-07-07 | ||